Patterns of urban life

Bibliographic Details
Main Author: Pahl, R.E
Format: Book
Published: London : Longman Group Limited , 1970
Subjects:

MARC

LEADER 00000cam a2200000 7i4500
001 0000007749
005 20151112.0
020 |a 0582488036 
040 |a INS 
090 0 0 |a HT133   |b P34 1970 
100 0 |a Pahl, R.E. 
245 0 0 |a Patterns of urban life   |c R.E.Pahl 
260 |a London :   |b Longman Group Limited ,   |c 1970 
300 |a 152p. ;   |c 20 cm. 
650 0 |a Sociology, Urban 
650 0 0 |a Cities and towns   |z Great Britain 
651 0 |a Great Britain   |x Social conditions 
999 |a 0000022784   |b BOOK   |c Open Shelf   |e Default branch